| 000 | 005180000a22001930004500 | ||
|---|---|---|---|
| 003 | LK-CoMWRAF | ||
| 005 | 20231024102407.0 | ||
| 008 | 230817t ||||| |||| 00| 0 eng d | ||
| 040 |
_aLK-CoMWRAF _dLK-CoMWRAF _eLK-CoMWRAF |
||
| 041 | _aeng | ||
| 082 |
_a297.77 _bIBR |
||
| 100 | _aIbrashi, Muhammad Atiya Al | ||
| 245 | _aEducation in Islam | ||
| 260 |
_aU.A.R. : _bThe supreme council for Islamic affairs, _c1967 |
||
| 300 | _a87p | ||
| 490 | _aStudy in Islam series | ||
| 650 | _aIslam--Education | ||
| 942 | _cBK | ||
| 999 |
_c1172 _d1172 |
||